| 000 | 00721nam0a22002531 4500 | ||
|---|---|---|---|
| 001 | RU\NLR\INFOCOMM18\ROSSICA\1000009729 | ||
| 005 | 20250613193628.0 | ||
| 035 | _a(NLR Aleph) 009976788 | ||
| 090 |
_a9674914 _c9674914 |
||
| 100 | _a20030621d1838 |||y0rusy50 ca | ||
| 101 | 0 | _ager | |
| 102 | _aRU | ||
| 105 | _ay ||||000ay | ||
| 200 | 1 | _aToast dem Akademiker Joh. v. Busch, am Tage seines 50 jährigen Dienst-Jubiläums, den 26. Mai 1838 | |
| 210 |
_aSt.Petersburg _d1838 |
||
| 215 | _d8° | ||
| 600 | 1 |
_aBusch _bJ.v. _gJoh. v _cакадемик _2PSBO |
|
| 801 | 1 |
_aRU _bInfoComm _c20030621 |
|
| 801 | 0 |
_aRU _bNLR _gPSBO |
|
| 852 |
_aNLR _j21.5.1.822 |
||
| 942 | _cBOOK | ||
| 980 | _aNB | ||
| 980 | _aRossica | ||